• 首页
  • 本馆介绍
  • 公告通知
  • 最新文献
  • 馆藏检索
  • 电子资源
  • 读者导购
  • 参考咨询
  • 我的图书馆
  • 登录
  • 详细信息显示
  • 放入我的书架
  • 预约/预借图书
  • 作者相关作品
  • 分类相关作品
  • 丛书相关作品
  • 出版社相关作品

书目信息

  • 表格格式
  • 工作单格式
  • 卡片格式
题名:
MySQL 5.7从零开始学
    
 
作者: 王英英 , 李小威 编著
分册:  
出版信息: 北京   清华大学出版社  2018
页数: 460页
开本: 26cm
丛书名:
单 册:
中图分类: TP311.138SQ , TP311.132.3
科图分类:
主题词: 关系数据库系统
电子资源:
ISBN: 978-7-302-49812-4
000 01006nam0 2200265 450
001 4229
005 20181011080558.82
010    @a978-7-302-49812-4@dCNY79.00
100    @a20180513d2018 em y0chiy50 ea
101 0  @achi
102    @aCN@b110000
105    @ay z 000yy
200 1  @aMySQL 5.7从零开始学@9MySQL 5.7 cong ling kai shi xue@e视频教学版@f王英英,李小威编著
210    @a北京@c清华大学出版社@d2018
215    @a460页@d26cm
300    @a数据库技术
330    @a本书内容主要包括:MySQL 5.7的安装与配置、数据库的创建、数据表的创建、数据类型和运算符、MySQL函数、查询数据、数据表的操作、索引、存储过程和函数、视图、触发器、用户管理、数据备份与还原、日志以及性能优化,重点介绍MySQL安装与配置、数据类型和运算符以及数据表的操作。
606 0  @a关系数据库系统
610 0  @aMySQL
690    @aTP311.138SQ@v5
690    @aTP311.132.3@v4
701  0 @a王英英@9wang ying ying@4编著
701  0 @a李小威@9li xiao wei@4编著
801  0 @aCN@b91MARC@c20180513
905    @aMuseLib@dTP311.132.3@e1286
    
    MySQL 5.7从零开始学:视频教学版/王英英,李小威编著.-北京:清华大学出版社,2018
    460页;26cm
    数据库技术
    
    ISBN 978-7-302-49812-4:CNY79.00
    本书内容主要包括:MySQL 5.7的安装与配置、数据库的创建、数据表的创建、数据类型和运算符、MySQL函数、查询数据、数据表的操作、索引、存储过程和函数、视图、触发器、用户管理、数据备份与还原、日志以及性能优化,重点介绍MySQL安装与配置、数据类型和运算符以及数据表的操作。
●
相关链接 在E读中查询图书 在五车中查询图书 在当当中查询图书 在豆瓣中查询图书


正题名:MySQL 5.7从零开始学     索取号:TP311.132.3/1286         预约/预借

序号 登录号 条形码 馆藏地/架位号 状态 备注
1 1124136   211241360   第二样本阅览室/ [索取号:TP311.132.3/1286] 在馆    
2 1124137   211241379   第三借阅区/ [索取号:TP311.132.3/1286] 在馆    
3 1124138   211241388   第三借阅区/ [索取号:TP311.132.3/1286] 在馆    
4 1124139   211241397   第三借阅区/ [索取号:TP311.132.3/1286] 在馆    
5 1124140   211241404   第三借阅区/ [索取号:TP311.132.3/1286] 在馆    
唐山师范学院图书馆 欢迎您!
大连网信软件有限公司© 版权所有